[Event "57th World Juniors 2018"]
[Site "Manavgat TUR"]
[Date "2018.09.08"]
[Round "5.27"]
[White "Ozen, Bahadir"]
[Black "Barseghyan, Harutyun"]
[Result "1/2-1/2"]
[WhiteTitle "FM"]
[BlackTitle "IM"]
[WhiteElo "2326"]
[BlackElo "2466"]
[WhiteFideId "6337058"]
[BlackFideId "13304585"]
[EventDate "2018.09.05"]

1. Nf3 d5 2. d4 Nf6 3. e3 c5 4. dxc5 e6 5. a3 Bxc5 6. b4 Be7 7. Bb2 O-O 8. Be2
Ne4 9. c4 dxc4 10. Qc2 Nd6 11. Nbd2 b5 12. a4 bxa4 13. O-O Nd7 14. Nxc4 Nxc4 15.
Bxc4 Qc7 16. Rfc1 Nb6 17. Qxh7+ Kxh7 18. Bd3+ Kg8 19. Rxc7 Bd6 20. Rcc1 Bb7 21.
b5 Rfc8 22. Rxc8+ Rxc8 23. Kf1 Bd5 24. Ke2 f6 25. e4 Bc4 26. e5 fxe5 27. Bxe5
Bxe5 28. Nxe5 Bxd3+ 29. Nxd3 Rc2+ 30. Kd1 Rc3 31. Kd2 Rb3 32. Nc5 Rxb5 33. Nxe6
Rb2+ 34. Ke1 Kf7 35. Nc5 Rb5 36. Nd3 Ke6 37. h4 Kd5 38. Ke2 Kd4 39. g4 Ra5 40.
f4 Nc4 41. h5 a3 42. g5 Ke4 43. Ne5 Nxe5 44. fxe5 Kf5 45. h6 Rxe5+ 46. Kd3 g6
47. h7 Re8 48. Rxa3 Kxg5 49. Rxa7 Kh6 50. Re7 Rh8 51. Ke4 Rxh7 52. Rxh7+ Kxh7
53. Kf4 Kh6 54. Kg4 g5 55. Kg3 Kh5 56. Kh3 g4+ 57. Kg3 Kg5 58. Kg2 Kh4 59. Kh2
g3+ 60. Kg2 Kg4 61. Kg1 Kg5 62. Kg2 Kf4 63. Kg1 1/2-1/2

[Event "57th World Juniors 2018"]
[Site "Manavgat TUR"]
[Date "2018.09.08"]
[Round "5.28"]
[White "Haldorsen, Benjamin"]
[Black "Tuncer, Tuna"]
[Result "1/2-1/2"]
[WhiteTitle "FM"]
[BlackTitle "FM"]
[WhiteElo "2461"]
[BlackElo "2342"]
[WhiteFideId "1512633"]
[BlackFideId "6349269"]
[EventDate "2018.09.05"]

1. e4 c5 2. Nf3 e6 3. Nc3 Nc6 4. d4 cxd4 5. Nxd4 Nf6 6. Ndb5 d6 7. Bf4 e5 8. Bg5
a6 9. Na3 Be6 10. Nc4 Rb8 11. Bxf6 Qxf6 12. Nb6 g6 13. Bc4 Qd8 14. Ncd5 Bh6 15.
h4 O-O 16. c3 Ne7 17. Nxe7+ Qxe7 18. Nd5 Qd8 19. Bb3 Rc8 20. g4 Bf4 21. Nxf4
exf4 22. h5 Qf6 23. hxg6 hxg6 24. Bxe6 fxe6 25. Qb3 b5 26. O-O-O Qe5 27. f3 a5
28. Kb1 Rfd8 29. Qa3 a4 30. Qb4 Ra8 31. a3 Kg7 32. Qd4 Qxd4 33. Rxd4 Kf6 34.
Rhd1 Ke5 35. Rb4 Rab8 36. Rh1 Kf6 37. Kc2 Kg5 38. Kd3 Rd7 39. Ke2 Rc7 40. Rd4
Rd8 41. Rb4 Rb8 42. Kd3 Ra7 43. Kd4 Rc7 44. Rh2 Kf6 45. Kd3 Kg5 46. b3 Ra7 47.
Rb2 axb3 48. R2xb3 Kh4 49. e5 dxe5 50. Ke4 Rba8 51. Kxe5 Rxa3 52. Kxf4 Rxb3 53.
Rxb3 Rf8+ 54. Ke4 Kg3 55. Rxb5 1/2-1/2

[Event "57th World Juniors 2018"]
[Site "Manavgat TUR"]
[Date "2018.09.08"]
[Round "5.29"]
[White "Dobrovoljc, Vid"]
[Black "Lodici, Lorenzo"]
[Result "0-1"]
[WhiteTitle "FM"]
[BlackTitle "IM"]
[WhiteElo "2316"]
[BlackElo "2458"]
[WhiteFideId "14609843"]
[BlackFideId "884189"]
[EventDate "2018.09.05"]

1. e4 e5 2. Nf3 Nc6 3. Bb5 a6 4. Ba4 d6 5. O-O Bd7 6. c3 g6 7. d4 Bg7 8. d5 Nce7
9. c4 b5 10. Bc2 f5 11. a4 bxc4 12. Nc3 Nf6 13. Qe2 O-O 14. Qxc4 Kh8 15. a5 c6
16. dxc6 Nxc6 17. Be3 Rc8 18. Bb6 Qe7 19. Qe2 Nb4 20. Ba4 Be6 21. Rfd1 Bc4 22.
Qe3 fxe4 23. Nxe4 Nbd5 24. Qe1 Nxe4 25. Qxe4 Nxb6 26. axb6 d5 27. Qe3 e4 28. Nd4
Qd6 29. b7 Rc7 30. Bc2 Rxb7 31. b3 Bb5 32. Bxe4 Re7 33. Nxb5 axb5 34. Ra7 Re5
35. Qg3 Qb8 36. Rxg7 Kxg7 37. Bxd5 Rfe8 38. Qc3 Qc8 39. Qd4 Qc5 40. Qa1 Kh6 41.
Bf3 Qa3 42. g3 Qxb3 43. Kg2 R8e7 44. Qa8 Qf7 45. Bd5 Qe8 46. Qa3 Rf5 47. Qc1+
Kg7 48. Qc3+ Rf6 49. Rd3 Re5 50. Bb3 Qe7 51. Qc8 Rf8 52. Qc3 Qf6 53. Rd2 Re7 54.
Qd3 b4 55. h4 Qc3 56. Qd6 Qf3+ 57. Kh2 Re1 58. Qc7+ Kh6 59. Rd7 Rh1# 0-1

[Event "57th World Juniors 2018"]
[Site "Manavgat TUR"]
[Date "2018.09.08"]
[Round "5.30"]
[White "Thilakarathne, G M H"]
[Black "Haria, Ravi"]
[Result "1/2-1/2"]
[WhiteTitle "FM"]
[BlackTitle "IM"]
[WhiteElo "2238"]
[BlackElo "2442"]
[WhiteFideId "9912053"]
[BlackFideId "415820"]
[EventDate "2018.09.05"]

1. e4 e6 2. d4 d5 3. Nd2 Nf6 4. e5 Nfd7 5. Bd3 c5 6. c3 Nc6 7. Ne2 cxd4 8. cxd4
f6 9. exf6 Nxf6 10. O-O Bd6 11. Nf3 Qc7 12. h3 O-O 13. Be3 Bd7 14. Re1 Rae8 15.
Rc1 Qb8 16. a3 Re7 17. Nc3 a6 18. Na4 Be8 19. Nc5 Bh5 20. Be2 Bxc5 21. Rxc5 Ne4
22. Rc2 Ref7 23. Ng5 Bxe2 24. Rcxe2 Nxg5 25. Bxg5 h6 26. Be3 Rf6 27. f3 Qd6 28.
Kh1 g5 29. Bg1 Qd7 30. Bh2 Rg6 31. b4 h5 32. a4 g4 33. fxg4 hxg4 34. hxg4 Rf7
35. Re3 Rfg7 36. b5 axb5 37. axb5 Nd8 38. Be5 Rh7+ 39. Rh3 Qxb5 40. Qc2 Rgh6 41.
Kg1 Qe8 42. Rxh6 Rxh6 43. g5 Qg6 44. Qf2 Rh5 45. Qf6 Qxf6 46. Bxf6 Nf7 47. Rxe6
Kh7 48. Re7 Kg6 49. Rxb7 Nxg5 50. Be5 Rh7 51. Rb5 Rd7 52. Kf2 Kf5 53. Ke3 Ne4
54. Rb8 Ra7 55. Rf8+ Ke6 56. g4 Ra1 57. Rg8 Re1+ 58. Kf3 Nd2+ 59. Kf2 Ra1 60. g5
Ne4+ 61. Kg2 Ra2+ 62. Kh3 Kf5 63. g6 Ng5+ 64. Kg3 Ne4+ 65. Kf3 Nd2+ 66. Kg3 Ne4+
67. Kh3 Ng5+ 68. Kh4 Nf3+ 69. Kh5 Nxe5 70. Rf8+ Ke4 71. dxe5 Kxe5 72. g7 Rh2+
73. Kg6 Rg2+ 74. Kf7 d4 75. g8=Q Rxg8 76. Rxg8 d3 77. Kg6 Kf4 78. Rd8 Ke3 79.
Kf5 d2 80. Kg4 Ke2 1/2-1/2

[Event "57th World Juniors 2018"]
[Site "Manavgat TUR"]
[Date "2018.09.08"]
[Round "5.31"]
[White "Kamer, Kayra"]
[Black "Sibashvili, Giorgi"]
[Result "1-0"]
[BlackTitle "IM"]
[WhiteElo "2205"]
[BlackElo "2425"]
[WhiteFideId "6367879"]
[BlackFideId "13602799"]
[EventDate "2018.09.05"]

1. e4 e5 2. Nf3 Nc6 3. Nc3 Nf6 4. Bb5 Nd4 5. Ba4 c6 6. O-O a5 7. Nxe5 d6 8. Nf3
Bg4 9. a3 Nd7 10. Re1 Ne5 11. Re3 b5 12. Bb3 Qf6 13. Qf1 Nexf3+ 14. gxf3 Bxf3
15. Qh3 h5 16. Qg3 h4 17. Qh3 Rh6 18. Kf1 Rg6 19. d3 Qg5 20. Bxf7+ Kd8 21. Bxg6
Bg4 22. Qg2 Qxg6 23. f4 h3 24. Qf2 Qh5 25. Rg3 c5 26. Be3 Nf3 27. Nd5 Be7 28. f5
g5 29. fxg6 Bh4 30. g7 Kd7 31. Nb6+ Ke7 32. Nxa8 Nxh2+ 33. Qxh2 Qf7+ 34. Kg1
Qxg7 35. Qxh3 1-0

[Event "57th World Juniors 2018"]
[Site "Manavgat TUR"]
[Date "2018.09.08"]
[Round "5.32"]
[White "Raja, Harshit"]
[Black "Agibileg, Uurtsaikh"]
[Result "1-0"]
[WhiteTitle "IM"]
[WhiteElo "2419"]
[BlackElo "2321"]
[WhiteFideId "5089000"]
[BlackFideId "4901606"]
[EventDate "2018.09.05"]

1. e4 c5 2. Nf3 e6 3. d4 cxd4 4. Nxd4 Nc6 5. Nc3 a6 6. Be3 Qc7 7. Qd2 Nf6 8. f4
Bb4 9. Bd3 d6 10. Nb3 Na5 11. a3 Nxb3 12. cxb3 Bc5 13. Rc1 Bd7 14. Bxc5 dxc5 15.
e5 Nd5 16. Ne4 O-O 17. Nxc5 Rfc8 18. O-O Qb6 19. b4 a5 20. Kh1 Bb5 21. bxa5 Rxa5
22. Na4 Qd8 23. Qxa5 Bxd3 24. Qxd8+ Rxd8 25. Rfd1 Nxf4 26. Nc5 g6 27. Rc3 Nh3
28. Nxd3 1-0

[Event "57th World Juniors 2018"]
[Site "Manavgat TUR"]
[Date "2018.09.08"]
[Round "5.35"]
[White "Jogstad, Martin"]
[Black "Repka, Christopher"]
[Result "1/2-1/2"]
[WhiteTitle "FM"]
[BlackTitle "GM"]
[WhiteElo "2305"]
[BlackElo "2523"]
[WhiteFideId "1715364"]
[BlackFideId "14918781"]
[EventDate "2018.09.05"]

1. d4 Nf6 2. c4 e6 3. g3 c5 4. Nf3 cxd4 5. Nxd4 d5 6. Bg2 e5 7. Nf3 d4 8. O-O
Nc6 9. e3 Be7 10. exd4 exd4 11. Bf4 O-O 12. Ne5 Qb6 13. Re1 Be6 14. Nd2 Rac8 15.
a3 a5 16. Qb3 Qa7 17. Qb5 Bd6 18. Nd7 Bxf4 19. Nxf6+ gxf6 20. gxf4 f5 21. Ne4
Qb8 22. Nc5 Qxf4 23. Rxe6 fxe6 24. Nxe6 Qb8 25. Nxf8 Rxf8 26. Rd1 Kh8 27. Bxc6
bxc6 28. Qxb8 Rxb8 29. Rxd4 Rxb2 30. Rf4 Ra2 31. Rxf5 Rxa3 32. Rc5 Rc3 33. Rxc6
a4 34. Rc7 a3 35. Ra7 Rxc4 36. Rxa3 Kg7 37. Ra6 Rg4+ 38. Kf1 Rg5 39. f3 Rh5 40.
Kg2 Rg5+ 41. Kf2 Rh5 42. Kg3 Rg5+ 43. Kf4 Rh5 44. Ra2 Kf6 45. Rg2 Rf5+ 46. Ke3
Re5+ 47. Kf2 Rh5 48. f4 Rh3 49. Kg1 1/2-1/2

[Event "57th World Juniors 2018"]
[Site "Manavgat TUR"]
[Date "2018.09.08"]
[Round "5.36"]
[White "Morozov, Nichita"]
[Black "Gulbeyaz, Emir"]
[Result "1-0"]
[WhiteTitle "IM"]
[WhiteElo "2452"]
[BlackElo "2285"]
[WhiteFideId "13900897"]
[BlackFideId "6377076"]
[EventDate "2018.09.05"]

1. d4 Nf6 2. Bg5 Ne4 3. Bf4 d5 4. e3 g6 5. Bd3 Nf6 6. Nf3 Bg7 7. h3 O-O 8. Nbd2
c5 9. c3 b6 10. Qe2 Bb7 11. a4 Nbd7 12. Bh2 a6 13. Ne5 Nxe5 14. Bxe5 Nd7 15.
Bxg7 Kxg7 16. f4 e6 17. O-O Qe7 18. Qf2 c4 19. Bc2 b5 20. e4 dxe4 21. Nxe4 Bd5
22. Ng5 Nf6 23. Rae1 Qb7 24. f5 exf5 25. Bxf5 Qc6 26. Bc2 Rae8 27. axb5 axb5 28.
Re5 Nd7 29. Rxe8 Rxe8 30. Bd1 f6 31. Nf3 Nb6 32. Re1 Nc8 33. Rxe8 Qxe8 34. Qe1
Qxe1+ 35. Nxe1 f5 36. Nc2 Kf6 37. Nb4 Bb7 38. Kf2 Nd6 39. Bf3 Bxf3 40. Kxf3 h6
41. g4 Ke6 42. Na6 fxg4+ 43. hxg4 Kd5 44. Nc7+ Kc6 45. Ne6 b4 46. cxb4 Kd5 47.
Nf4+ Kxd4 48. Nxg6 Kd3 49. Kf4 Kc2 50. Ke5 Kxb2 51. Kxd6 c3 52. Nf4 c2 1-0

[Event "57th World Juniors 2018"]
[Site "Manavgat TUR"]
[Date "2018.09.08"]
[Round "5.37"]
[White "Mohammad, Nubairshah Shaikh"]
[Black "Agdelen, Huseyin Can"]
[Result "1-0"]
[WhiteTitle "IM"]
[BlackTitle "FM"]
[WhiteElo "2443"]
[BlackElo "2280"]
[WhiteFideId "5053196"]
[BlackFideId "6352260"]
[EventDate "2018.09.05"]

1. Nf3 Nf6 2. c4 e6 3. Nc3 d5 4. d4 Bb4 5. cxd5 exd5 6. Bg5 h6 7. Bh4 g5 8. Bg3
Ne4 9. Nd2 Nxg3 10. hxg3 c6 11. e3 Be6 12. Qb3 Qb6 13. a3 Be7 14. Qc2 Nd7 15. b4
O-O-O 16. Bd3 Qc7 17. Nb3 Kb8 18. Rb1 h5 19. Bf5 h4 20. gxh4 gxh4 21. Ne2 Rh6
22. g4 Rg8 23. f4 Rhh8 24. Bxe6 fxe6 25. g5 Nb6 26. Nd2 h3 27. Kd1 h2 28. Rb3
Qd7 29. Kc1 Rh3 30. e4 Rxb3 31. Qxb3 dxe4 32. Rxh2 e3 33. Qxe3 Nd5 34. Qe4 a5
35. Rh6 Nc7 36. bxa5 Bxa3+ 37. Kd1 c5 38. Rh7 Qa4+ 39. Qc2 Qxa5 40. Nc4 Qa6 41.
Rxc7 Kxc7 42. Qh7+ Kc6 43. Ne5+ Kd5 44. Qxg8 Bb4 45. Qh7 c4 46. Qd7+ Ke4 47.
Qh7+ Kd5 48. Qd7+ Ke4 49. Nc1 Ke3 50. Qh7 Qa1 51. Nxc4+ Kxf4 52. Qh4+ Kf5 53.
Ne3+ Kg6 54. Qh6+ Kf7 55. Qf6+ Ke8 56. Qxe6+ Kd8 57. Qg8+ Kd7 58. Qd5+ 1-0

[Event "57th World Juniors 2018"]
[Site "Manavgat TUR"]
[Date "2018.09.08"]
[Round "5.38"]
[White "Amartuvshin, Ganzorig"]
[Black "Ozen, Deniz"]
[Result "1-0"]
[WhiteTitle "FM"]
[BlackTitle "FM"]
[WhiteElo "2280"]
[BlackElo "2431"]
[WhiteFideId "4902548"]
[BlackFideId "6349196"]
[EventDate "2018.09.05"]

1. d4 d5 2. c4 c6 3. Nf3 Nf6 4. Nc3 dxc4 5. a4 Bf5 6. Ne5 e6 7. f3 Bb4 8. Nxc4
h6 9. Kf2 O-O 10. e4 Bh7 11. Be2 Be7 12. Rf1 Nbd7 13. Be3 Nb6 14. Kg1 Nxc4 15.
Bxc4 Qc7 16. Rc1 a5 17. e5 Nd7 18. f4 Nb6 19. Bd3 Bxd3 20. Qxd3 Qd7 21. f5 exf5
22. Rxf5 Qe6 23. Rcf1 Rad8 24. Ne4 Nc4 25. Qe2 Nxe3 26. Qxe3 b6 27. R5f4 c5 28.
Qg3 Rxd4 29. Rg4 g6 30. Nf6+ Kg7 31. Nh5+ Kh7 32. Rxd4 cxd4 33. Nf4 Qf5 34. Nd5
Qg5 35. Qxg5 Bxg5 36. Nxb6 Kg7 37. Nc4 Rb8 38. Rf3 Be7 39. Kf1 Rc8 40. b3 Bb4
41. Ke2 Rb8 42. Kd3 g5 43. Kxd4 Rd8+ 44. Ke4 Rd1 45. g4 Re1+ 46. Kd5 Rd1+ 47.
Kc6 Rd4 48. h3 Be1 49. Nd6 Rf4 50. Nf5+ Kg6 51. Rd3 Bb4 52. Rd6+ Kh7 53. Rxh6+
Kg8 54. Rh5 Rf3 55. Rxg5+ Kf8 56. Nd6 Rxh3 57. Rf5 Ke7 58. Rxf7+ Ke6 59. Rf5
Rxb3 60. Nc4 Rg3 61. Rf6+ Ke7 62. Kd5 Rxg4 63. Ra6 Rg1 64. Ra7+ Kd8 65. Nxa5
Rd1+ 66. Ke6 Kc8 67. Nc6 Be1 68. Ne7+ Kb8 69. Rd7 Ra1 70. a5 Bxa5 71. Nc6+ Kc8
72. Nxa5 Rxa5 73. Rd1 Ra2 74. Ke7 Rh2 75. Rc1+ Kb7 76. e6 Re2 77. Kd7 Rd2+ 78.
Ke8 Re2 79. e7 Re3 80. Rf1 1-0

[Event "57th World Juniors 2018"]
[Site "Manavgat TUR"]
[Date "2018.09.08"]
[Round "5.39"]
[White "Vanczak, Tamas"]
[Black "Gokerkan, Cem Kaan"]
[Result "1/2-1/2"]
[WhiteTitle "FM"]
[BlackTitle "IM"]
[WhiteElo "2276"]
[BlackElo "2416"]
[WhiteFideId "759929"]
[BlackFideId "6336760"]
[EventDate "2018.09.05"]

1. e4 g6 2. d4 Bg7 3. Nc3 d6 4. Nf3 a6 5. a4 Nf6 6. Be2 O-O 7. O-O Nbd7 8. h3 b6
9. Re1 e5 10. dxe5 dxe5 11. Be3 Bb7 12. Nd2 h6 13. f3 Qe7 14. Bc4 c6 15. Qe2 Nh5
16. Red1 b5 17. Bb3 Nf4 18. Qf2 Bf6 19. Kh2 Kh7 20. g3 Nh5 21. Nf1 Bg5 22. Bxg5
hxg5 23. Qd2 Nc5 24. Qd6 Qxd6 25. Rxd6 Kg7 26. Ne3 Rfd8 27. Rad1 Rxd6 28. Rxd6
Kf8 29. a5 Ke7 30. Rd1 Nxb3 31. cxb3 Ng7 32. b4 Rh8 33. Ng4 f6 34. Kg2 Ne6 35.
Ne2 Rc8 36. Ne3 c5 37. bxc5 Nxc5 38. b4 Nb3 39. h4 gxh4 40. gxh4 Ke6 41. Rd3 Nc1
42. Nxc1 Rxc1 43. Rd8 Bc6 44. Rg8 Kf7 45. Rb8 f5 46. exf5 gxf5 47. Nxf5 Rc3 48.
Nd6+ Kg7 49. Ne4 Bxe4 1/2-1/2

[Event "57th World Juniors 2018"]
[Site "Manavgat TUR"]
[Date "2018.09.08"]
[Round "5.40"]
[White "Secheres, Adrian-Simion"]
[Black "Lee, Jun Hyeok"]
[Result "0-1"]
[WhiteTitle "FM"]
[BlackTitle "FM"]
[WhiteElo "2408"]
[BlackElo "2263"]
[WhiteFideId "1217445"]
[BlackFideId "13202340"]
[EventDate "2018.09.05"]

1. e4 e5 2. Nf3 Nf6 3. Nxe5 d6 4. Nf3 Nxe4 5. c4 Nc6 6. d4 d5 7. Nc3 Bb4 8. Qc2
Bg4 9. Be3 O-O 10. Be2 Bf5 11. Qc1 dxc4 12. Bxc4 Nd6 13. Be2 Bg4 14. O-O Nf5 15.
d5 Bxf3 16. Bxf3 Ncd4 17. Bd1 Re8 18. Bg5 Qd6 19. Qd2 c5 20. Bh5 Ne7 21. Bf4
Bxc3 22. bxc3 Qxd5 23. Bxf7+ Qxf7 24. cxd4 Rad8 25. Bg5 Rxd4 26. Qa5 Nc6 27. Qb5
a6 28. Qb6 Rb4 29. Qxc5 Rb5 30. Qc1 Nd4 0-1

[Event "57th World Juniors 2018"]
[Site "Manavgat TUR"]
[Date "2018.09.08"]
[Round "5.42"]
[White "Lagunow, Raphael"]
[Black "Nalbant, Tuna Onat"]
[Result "1-0"]
[WhiteTitle "FM"]
[BlackTitle "FM"]
[WhiteElo "2403"]
[BlackElo "2241"]
[WhiteFideId "24652644"]
[BlackFideId "6372821"]
[EventDate "2018.09.05"]

1. e4 c5 2. Nf3 d6 3. d4 cxd4 4. Nxd4 Nf6 5. Nc3 a6 6. Bg5 e6 7. f4 Be7 8. Qf3
Nbd7 9. O-O-O Qc7 10. f5 Ne5 11. Qh3 Nfg4 12. Bxe7 Qxe7 13. Qg3 Qg5+ 14. Kb1 Qe3
15. Nf3 O-O 16. f6 Nxf6 17. Rxd6 Ng6 18. Bd3 Nh5 19. Qe1 Qxe1+ 20. Rxe1 Nhf4 21.
Bf1 e5 22. g3 Ne6 23. h4 Nd8 24. h5 Bg4 25. Nh2 Bxh5 26. g4 Bxg4 27. Nxg4 Nc6
28. Rd7 b5 29. a4 b4 30. Nd5 a5 31. Bb5 Nd4 32. c3 bxc3 33. bxc3 Nf3 34. Re3 Ng5
35. Nb6 Rad8 36. Rd5 f6 37. Nd7 Nf4 38. Nxf8 Nxd5 39. exd5 Kxf8 40. Bc6 Ke7 41.
c4 Rb8+ 42. Kc2 Kd6 43. Nf2 h5 44. Rg3 h4 45. Rxg5 fxg5 46. Ne4+ Kc7 47. Nxg5 h3
48. Nxh3 Rf8 49. Ng5 Rf6 50. Kd3 Rg6 51. Nf7 Rg3+ 52. Ke4 Rg4+ 53. Kxe5 Rxc4 54.
Bb5 1-0

[Event "57th World Juniors 2018"]
[Site "Manavgat TUR"]
[Date "2018.09.08"]
[Round "5.44"]
[White "Can, Melih Kaan"]
[Black "Percivaldi, Martin"]
[Result "0-1"]
[BlackTitle "IM"]
[WhiteElo "2195"]
[BlackElo "2376"]
[WhiteFideId "6317383"]
[BlackFideId "1508148"]
[EventDate "2018.09.05"]

1. e4 e6 2. d4 d5 3. Nd2 Be7 4. Ngf3 Nf6 5. exd5 exd5 6. Ne5 O-O 7. Bd3 c5 8. c3
Nc6 9. Nxc6 bxc6 10. dxc5 Bxc5 11. O-O Bb6 12. Qa4 Qd6 13. Qh4 Re8 14. Nf3 Bc7
15. Bg5 Ne4 16. Rae1 Bf5 17. Nd4 Bg6 18. Bc1 Qd7 19. f3 Nd6 20. Bxg6 hxg6 21.
Bf4 Nc4 22. b3 Bxf4 23. Qxf4 Nd6 24. b4 Nc4 25. Nb3 a5 26. a3 Qa7+ 27. Qd4 Qxd4+
28. Nxd4 Rec8 29. Re7 Nxa3 30. bxa5 Rxa5 31. Rfe1 Nb5 32. Re8+ Rxe8 33. Rxe8+
Kh7 34. Nxc6 Ra1+ 35. Kf2 Nxc3 36. g4 Ra2+ 37. Kg1 Ne2+ 38. Kf1 Nf4 39. Re7 f6
40. h4 Rh2 41. Rd7 Rxh4 42. Ne7 Rh3 43. Kf2 Nd3+ 44. Kg2 Rxf3 45. Nxd5 Ne1+ 46.
Kg1 Kh6 47. Re7 Nc2 48. Kg2 Ra3 49. Kf2 Nd4 50. Rd7 Nc6 51. g5+ Kxg5 52. Rxg7
Ne5 53. Rb7 Ng4+ 54. Ke2 Ra5 55. Nc3 Re5+ 56. Kf1 Kf4 57. Rb3 f5 58. Rb6 Kg5 59.
Ne2 Ra5 60. Nd4 Ne5 61. Kg2 Ra2+ 62. Kg3 f4+ 63. Kh3 Ra3+ 64. Kg2 Kg4 65. Re6
Re3 66. Ra6 g5 67. Ra2 Re4 68. Nb5 f3+ 69. Kf1 Nd3 70. Ra1 Kg3 71. Nc3 Rh4 0-1

[Event "57th World Juniors 2018"]
[Site "Manavgat TUR"]
[Date "2018.09.08"]
[Round "5.46"]
[White "Ozgur, Tibet Kagan"]
[Black "Krishna Teja, N"]
[Result "0-1"]
[BlackTitle "IM"]
[WhiteElo "2056"]
[BlackElo "2356"]
[WhiteFideId "6322832"]
[BlackFideId "5001498"]
[EventDate "2018.09.05"]

1. Nf3 Nf6 2. g3 d5 3. Bg2 c6 4. O-O Bf5 5. d3 e6 6. Nbd2 Be7 7. Qe1 h6 8. e4
Bh7 9. Qe2 O-O 10. Re1 a5 11. exd5 cxd5 12. a4 Nc6 13. Nb3 Rc8 14. c3 Nd7 15.
Nfd4 Nxd4 16. Nxd4 Nc5 17. Rd1 Qd7 18. b3 Bf6 19. Ba3 Rfe8 20. Rab1 Na6 21. Qd2
Bxd4 22. cxd4 Qc7 23. Rdc1 Qb6 24. Rxc8 Rxc8 25. Bf1 Bg6 26. Be2 Nb4 27. Bxb4
Qxb4 28. Qb2 Rc3 29. Kf1 Rxd3 30. Bxd3 Bxd3+ 31. Kg1 Bxb1 32. Qxb1 Qxd4 33. Qc2
b6 34. Qc8+ Kh7 35. Qc2+ g6 36. Qc7 Kg7 37. h4 h5 38. Qc2 e5 39. Qe2 e4 40. Qc2
e3 41. fxe3 Qxe3+ 42. Kh2 d4 43. Qc7 Qf2+ 44. Kh1 Qe1+ 45. Kh2 d3 46. Qxb6 d2
47. Qd4+ Kh7 48. Qd5 Qe2+ 0-1

[Event "57th World Juniors 2018"]
[Site "Manavgat TUR"]
[Date "2018.09.08"]
[Round "5.47"]
[White "Schekachikhin, Maksim"]
[Black "Aydincelebi, Kagan"]
[Result "1/2-1/2"]
[WhiteTitle "IM"]
[BlackTitle "FM"]
[WhiteElo "2356"]
[BlackElo "2060"]
[WhiteFideId "24177830"]
[BlackFideId "6361102"]
[EventDate "2018.09.05"]

1. d4 d5 2. Nf3 Nf6 3. c4 dxc4 4. Nc3 a6 5. e4 e6 6. Bxc4 b5 7. Bd3 Bb7 8. Bg5
Be7 9. O-O Nbd7 10. Rc1 h6 11. Bh4 b4 12. Na4 Bxe4 13. Bxe4 Nxe4 14. Bxe7 Qxe7
15. Rxc7 Qd6 16. Rxd7 Qxd7 17. Nb6 Qb7 18. Qa4+ Ke7 19. Nxa8 Rxa8 20. Rc1 a5 21.
Ne5 Rc8 22. Rc6 f6 23. Qc2 Nd6 24. Qc5 Rxc6 25. Nxc6+ Kd7 26. Nxa5 Qe4 27. h3
Nf5 28. Qb5+ Kc7 29. Qc5+ Kd7 30. Qa7+ Kc8 31. Qa6+ Kc7 32. Qc4+ Kd7 33. Nb3
Qe1+ 34. Qf1 Qxf1+ 35. Kxf1 Kd6 36. Ke2 Kd5 37. Kd3 Nd6 38. Nc5 e5 39. dxe5 fxe5
40. Na6 e4+ 41. Kc2 Kc4 42. g4 g6 43. Nc7 Nf7 44. b3+ Kc5 45. Kd2 Ng5 46. Na6+
Kd4 47. Nxb4 Nxh3 48. Nc2+ Ke5 49. Ke3 Nf4 50. Nb4 Ng2+ 51. Ke2 Nf4+ 52. Kf1 Kd4
53. Nc6+ Kc5 54. Ne5 Kb4 55. Nc4 h5 56. gxh5 gxh5 57. Nd2 Ka3 58. Nxe4 Kxa2 59.
b4 Kb3 60. b5 Nd5 61. Ng3 Kb4 62. Nxh5 Kxb5 63. Ke2 Kc4 64. Kf3 Kd4 65. Kg4 Ke4
66. Ng3+ Ke5 67. Ne2 Nf6+ 68. Kh3 Ne4 69. f4+ Kf5 70. Kh4 Nc3 71. Nxc3 Kxf4 1/2-1/2

[Event "57th World Juniors 2018"]
[Site "Manavgat TUR"]
[Date "2018.09.08"]
[Round "5.48"]
[White "Sawlin, Leonid"]
[Black "Liyanage, Ranindu Dilshan"]
[Result "1/2-1/2"]
[WhiteTitle "FM"]
[BlackTitle "CM"]
[WhiteElo "2355"]
[BlackElo "1989"]
[WhiteFideId "4689542"]
[BlackFideId "9915834"]
[EventDate "2018.09.05"]

1. e4 c5 2. Nf3 d6 3. d4 cxd4 4. Nxd4 Nf6 5. Nc3 a6 6. Bg5 e6 7. f4 h6 8. Bh4
Qb6 9. a3 Be7 10. Bf2 Qc7 11. Bd3 Nbd7 12. Qe2 b5 13. O-O-O Bb7 14. Rhe1 Nc5 15.
Kb1 Rd8 16. e5 dxe5 17. fxe5 Nd5 18. Nxd5 Bxd5 19. Qg4 Nxd3 20. Rxd3 g6 21. Bh4
g5 22. Bf2 Qc4 23. b3 Qc7 24. Qh5 Bxa3 25. Bg3 Qe7 26. Red1 Rc8 27. Qe2 Qb7 28.
Be1 Bc4 29. Qh5 Bxd3 30. Rxd3 Qe4 31. Bd2 Rd8 32. Bc3 b4 33. Ba1 Qf4 34. Ka2 g4
35. Nxe6 Qf2 36. Ng7+ Ke7 37. Nf5+ Ke6 38. Ng7+ Ke7 39. Nf5+ Ke6 40. Ng7+ 1/2-1/2

[Event "57th World Juniors 2018"]
[Site "Manavgat TUR"]
[Date "2018.09.08"]
[Round "5.49"]
[White "Wadsworth, Matthew J"]
[Black "Kilic, Gokturk Kagan"]
[Result "1-0"]
[WhiteTitle "FM"]
[WhiteElo "2351"]
[BlackElo "1910"]
[WhiteFideId "415804"]
[BlackFideId "6367925"]
[EventDate "2018.09.05"]

1. Nf3 Nf6 2. g3 g6 3. Bg2 Bg7 4. O-O O-O 5. c4 e6 6. Nc3 d5 7. d4 Nbd7 8. b3 b6
9. Ba3 Re8 10. Nd2 Bb7 11. Rc1 a6 12. e4 dxe4 13. Ndxe4 Nxe4 14. Nxe4 Rb8 15. d5
Nf6 16. Nxf6+ Qxf6 17. Qd3 Rbd8 18. Rfd1 a5 19. Rc2 Bc8 20. Bb2 Qe7 21. Bxg7
Kxg7 22. Re2 Qf6 23. Rde1 Rd6 24. Qc2 Red8 25. h4 Bb7 26. dxe6 Bxg2 27. Kxg2
fxe6 28. Qe4 Rf8 29. Qe3 h5 30. Rd2 Rfd8 31. Rxd6 Rxd6 32. c5 Rc6 33. cxb6 cxb6
34. Rd1 Rc3 35. Rd7+ Kg8 36. Qe4 Rc8 37. Rd6 Re8 38. Rxb6 Qf5 39. Qxf5 gxf5 40.
Ra6 1-0

[Event "57th World Juniors 2018"]
[Site "Manavgat TUR"]
[Date "2018.09.08"]
[Round "5.50"]
[White "Nyambileg, Erdene-Ochir"]
[Black "Shailesh, Dravid"]
[Result "1/2-1/2"]
[BlackTitle "FM"]
[WhiteElo "1798"]
[BlackElo "2325"]
[WhiteFideId "4901932"]
[BlackFideId "25017969"]
[EventDate "2018.09.05"]

1. d4 Nf6 2. c4 g6 3. Nc3 Bg7 4. Nf3 O-O 5. g3 b6 6. Bg2 Bb7 7. O-O Ne4 8. Qc2
Nxc3 9. bxc3 Nc6 10. Rd1 d6 11. Bb2 Qc8 12. c5 Na5 13. Qa4 Bc6 14. Qb4 Qa6 15.
cxd6 cxd6 16. Bf1 Bb5 17. Re1 Rac8 18. a4 Bc4 19. Nd2 Bh6 20. Nxc4 Nxc4 21. e4
Rc7 22. e5 d5 23. e6 f6 24. a5 b5 25. Bxc4 bxc4 26. Re2 Rfc8 27. Ba3 Rb7 28. Qa4
Qc6 29. Qxc6 Rxc6 30. Bb4 Kf8 31. Kg2 Ke8 32. f4 f5 33. Raa2 Bg7 34. Rab2 a6 35.
Bc5 Rxb2 36. Rxb2 Rxe6 37. Kf2 Bf6 38. Rb8+ Kf7 39. Rd8 g5 40. Rxd5 gxf4 41.
Rxf5 fxg3+ 42. hxg3 Kg6 43. Rd5 Bg5 44. Bb4 Bd2 45. Rc5 Be1+ 46. Kf3 Rf6+ 47.
Kg4 Re6 48. Rxc4 h5+ 49. Kh3 Re3 50. Rc6+ Kf5 51. Rc5+ Kg6 1/2-1/2